|
|
|
|
| LEADER |
00000cam a2200000 a 4500 |
| 001 |
vtls001391318 |
| 003 |
SK-MaSNL |
| 005 |
20260301011704.0 |
| 008 |
220509s1998 xo l frn 10000 slo |
| 015 |
|
|
|a SNBA2000/08-02869
|
| 020 |
|
|
|a 802280780X
|
| 035 |
|
|
|a SNK000345593
|
| 035 |
|
|
|a urn:nbn:sk:snk-am3izts
|
| 035 |
|
|
|a 5FEC6FE3-0217-4B29-8D29-10E34789025C
|
| 035 |
|
|
|a urn:nbn:sk:snk-am00gmqh
|
| 040 |
|
|
|a SNK
|b slo
|c SNK
|e AACR2
|
| 041 |
0 |
|
|a slo
|
| 043 |
|
|
|a e-xo---
|
| 044 |
|
|
|a xo
|c SK
|
| 072 |
|
7 |
|a 581
|x Všeobecná botanika
|2 konspekt
|
| 072 |
|
7 |
|a 502
|x Životné prostredie a jeho ochrana
|2 konspekt
|
| 080 |
|
|
|a 581.5(082)
|2 1981
|
| 080 |
|
|
|a 504.54(082)
|2 1981
|
| 080 |
|
|
|a 581.524/.526
|2 2011
|
| 080 |
|
|
|a (437.6)
|2 2011
|
| 080 |
|
|
|a (047)
|2 2011
|
| 080 |
|
|
|a (082)
|2 2011
|
| 080 |
|
|
|a 502.5
|2 2011
|
| 245 |
0 |
0 |
|a Krajinná a vegetačná štruktúra Zvolenskej kotliny
|b [zborník referátov z konferencie]
|c Tibor Benčať, Miroslav Gregor (eds.)
|
| 260 |
|
|
|a Vo Zvolene
|b Technická univerzita
|c 1998
|
| 300 |
|
|
|a 72 strán
|b schémy, tabuľky
|c 21 cm
|
| 366 |
|
|
|e 35 kusov
|
| 504 |
|
|
|a Obsahuje bibliografické odkazy
|
| 650 |
0 |
7 |
|a vegetácia
|2 SNKPH
|9 15727
|
| 650 |
0 |
7 |
|a krajina
|2 SNKPH
|9 15725
|
| 650 |
0 |
7 |
|a krajinná ekológia
|2 SNKPH
|9 3811
|
| 651 |
|
7 |
|a Zvolenská kotlina (Slovensko)
|2 SNKPHgeo
|9 56271
|
| 655 |
|
7 |
|a zborníky
|2 SNKPH
|9 70165
|
| 655 |
|
7 |
|a referáty
|2 SNKPH
|9 70611
|
| 700 |
1 |
|
|a Benčať, Tibor,
|d 1957-
|4 com
|9 204881
|
| 700 |
1 |
|
|a Gregor, Miroslav
|d 1931-
|4 com
|9 52532
|
| 752 |
|
|
|a Slovensko
|d Zvolen
|
| 919 |
|
|
|a 80-228-0780-X
|
| 958 |
|
|
|a OND
|
| 958 |
|
|
|a ART
|
| 958 |
|
|
|a TL
|
| 958 |
|
|
|a NB
|
| 999 |
|
|
|c 551644
|d 553574
|
| 952 |
|
|
|t P60, <04>, [BOOK], {604}
|a SNK
|b SNK
|y VYP
|7 0
|p 17A0363613
|o snkSC 101973 D1
|i snkKSP 13874/2002
|0 0
|1 0
|4 0
|d 2002-11-13
|l 0
|r 2005-01-02 00:00:00
|w 2026-02-23
|
| 952 |
|
|
|t P60, <03>, [BOOK], {603}
|a SNK
|b SNK
|y PREZ
|7 0
|p 17A0242553
|o snkSC 101973
|i snkKSP 6291/2000
|0 0
|1 0
|4 0
|d 2000-06-23
|l 0
|r 2025-09-23 00:00:00
|w 2026-02-23
|